Normal view MARC view

Entry Personal Name

Number of records used in: 1

001 - CONTROL NUMBER

  • control field: 26432

003 - CONTROL NUMBER IDENTIFIER

  • control field: OSt

005 - DATE AND TIME OF LATEST TRANSACTION

  • control field: 20210805135122.0

008 - FIXED-LENGTH DATA ELEMENTS

  • fixed length control field: 210805|| aca||aabn | a|a d

040 ## - CATALOGING SOURCE

  • Original cataloging agency: OSt
  • Transcribing agency: OSt

100 ## - HEADING--PERSONAL NAME

  • Personal name: Chen, Yi, Fan, Z. and Gu, X.

670 ## - SOURCE DATA FOUND

  • Source citation: Work cat.: (OSt)517362: Chen, Yi, Fan, Z. and Gu, X., Arrival of young talent: The send-down movement and rural education in China

Powered by Koha